| 000 | 01146nam a2200121Ia 4500 | ||
|---|---|---|---|
| 008 | 220620s9999||||xx |||||||||||||| ||und|| | ||
| 245 | 0 |
_ae-Science _bOpen, Social and Virtual Technology for Research Collaboration |
|
| 546 | _aEnglish[eng] | ||
| 650 | _aScience and Technology Studies||Media and Communication||Business Information Systems||Computer Applications||Education, general||Knowledge Management||Science Communication||Computer and Information Systems Applications||Digital Education and Educational Technology||Open Access||Grid computing||Science 2.0||Research network||Education portal||Virtual organization||Governance||Social control||Science collaboration||Digitization||Digital research infrastructures||Cyberinfrastructure software||Sustainability||Software sustainability||Sociology||Media studies||Business mathematics & systems||Information technology: general issues||Education | ||
| 700 | _aKoschtial, Claudia||Köhler, Thomas||Felden, Carsten | ||
| 856 | _uhttps://library.oapen.org/bitstream/20.500.12657/48257/1/9783030662622.pdf||https://library.oapen.org/bitstream/20.500.12657/48257/1/9783030662622.pdf | ||
| 942 | _cEB | ||
| 999 |
_c34280 _d34280 |
||